000
00317nam a2200133Ia 4500
005
20251222144647.0
008
251222s9999||||xx |||||||||||||| ||spa||
020
_a
9972-2718-5-4
082
_a
869.57/V63
100
_a
Vidal, Christiane Félip
245
0
_a
Lima en la Piel
264
_b
Estruendomudo
942
_c
LIB
999
_c
16909
_d
16909